Представление документа в формате RUSMARC

ПолеНазваниеЗначение
  Тип записи a
  Библиографический уровень a
001 Контрольный номер RU/CBS_UL/BASE/7445b9ed2ede4824a07046594731d1ac
005 Дата корректировки 20260417180954.6
100 Данные общей обработки __
a Данные общей обработки 20260417 ||| 0rusy0189 ca
101 Язык документа 0_
a Язык текста rus
102 Страна публикации __
a Страна публикации RU
200 Заглавие и сведения об ответственности 1_
a Заглавие Эпоха двух копеек
e Сведения, относящиеся к заглавию [об истории советского быта]
f Первые сведения об ответственности Т. Осипцова
300 Общие примечания __
a Общие примечания 16+
461 Уровень набора _0
1 2000
a Дарья. Биография
463 Уровень физической единицы _0
1 2000
a № 3
v С. 46-47 : фот.
1 2101
d 2026
1 001RU/CBS_UL/BASE/8a545d0a4e7c449cbd5f34bb5f136998
606 Тематические рубрики 0_
a Основная рубрика История - СССР - Культура и быт
610 Ключевые слова 0_
a Ключевые слова история советская, советский быт, деньги советские, денежная мелочь, копейки, мелкие монеты, дефицитные товары, очереди, продуктовые магазины, дефицит в СССР, хлеб, отношение к хлебу, школьники советские, учителя в СССР, экология в СССР, стеклянная тара
686 Индексы других классификаций __
2 Код системы rubbk
a Классификационный индекс 63.3(2)6-7
700 Автор _1
a Фамилия Осипцова
b Имя (инициалы) Т.
801 Источник записи _0
a Страна RU
b Организация МБУК ЦБС г. Ульяновска
c Дата составления 20260417
g Правила каталогизации RCR
801 Источник записи _1
a Страна RU
b Организация МБУК ЦБС г. Ульяновска
c Дата составления 20260417
g Правила каталогизации RCR
901 Тип документа __
t Тип документа b
w Контрольный № источника RU/CBS_UL/BASE/8a545d0a4e7c449cbd5f34bb5f136998
909 Создатель записи __
a Создатель записи lib1